[Event "Orsay-C"]
[Site "Orsay"]
[Date "2009.02.20"]
[Round "6"]
[White "Noe, Jean Jacques"]
[Black "Jaouen, Alain"]
[Result "1/2-1/2"]
[WhiteElo "1770"]
[BlackElo "1780"]
[PlyCount "80"]
[EventDate "2009.02.15"]
[EventType "tourn"]
[EventRounds "7"]
[EventCountry "FRA"]
[SourceTitle "CBM 129 Extra"]
[Source "ChessBase"]
[SourceDate "2009.05.05"]
[SourceVersion "2"]
[SourceVersionDate "2009.05.20"]
[SourceQuality "1"]

1. c4 Nf6 2. Nc3 g6 3. g3 Bg7 4. Bg2 d6 5. Nf3 0-0 6. 0-0 e5 7. Rb1 Nbd7 8. d3 Nb6 9. Bd2 c6 10. b4 Rb8 11. a4 e4 12. Ng5 exd3 13. exd3 Bg4 14. Qb3 Nbd7 15. Nge4 Nxe4 16. dxe4 Be6 17. Rfe1 Ne5 18. Qc2 Nxc4 19. Be3 Nxe3 20. Rxe3 Re8 21. Rd1 Qc7 22. Nb5 Qe7 23. Nxd6 Red8 24. Red3 Bf8 25. e5 Bg4 26. Re1 Rd7 27. Rd4 Be6 28. b5 cxb5 29. axb5 Rbd8 30. Qa4 Bb3 31. Qxb3 Rxd6 32. Rxd6 Rxd6 33. Bxb7 Re6 34. Bd5 Rxe5 35. Rxe5 Qxe5 36. Bxf7+ Kg7 37. Qd5 Qc7 38. Be8 Bc5 39. Bc6 Qb6 40. Qd7+ Kh6 1/2-1/2

[Event "Orsay-C"]
[Site "Orsay"]
[Date "2009.02.16"]
[Round "2"]
[White "Jaouen, Alain"]
[Black "Msellek, Ilyass"]
[Result "0-1"]
[WhiteElo "1780"]
[BlackElo "1846"]
[PlyCount "90"]
[EventDate "2009.02.15"]
[EventType "tourn"]
[EventRounds "7"]
[EventCountry "FRA"]
[SourceTitle "CBM 129 Extra"]
[Source "ChessBase"]
[SourceDate "2009.05.05"]
[SourceVersion "2"]
[SourceVersionDate "2009.05.20"]
[SourceQuality "1"]

1. c4 Nf6 2. Nc3 g6 3. d4 Bg7 4. e4 d6 5. f4 0-0 6. Nf3 c5 7. e5 Ng4 8. h3 Nh6 9. d5 Nf5 10. Ne2 a6 11. g4 Nh6 12. a4 e6 13. Be3 b6 14. Qd2 f5 15. exf6 Qxf6 16. g5 Qxb2 17. Qxb2 Bxb2 18. Rb1 Nf5 19. Bd2 Bg7 20. Rxb6 Nd7 21. Rb1 exd5 22. Bg2 Rb8 23. Rxb8 Nxb8 24. Nh2 d4 25. Bd5+ Kh8 26. Ng4 Re8 27. Kd1 Be6 28. Bxe6 Rxe6 29. h4 Nd7 30. a5 Kg8 31. h5 gxh5 32. Rxh5 Rxe2 33. Nh6+ Nxh6 34. gxh6 Nf6 35. Rg5 Rxd2+ 36. Ke1 Rh2 37. Rxg7+ Kf8 38. Ra7 Rxh6 39. Rxa6 Ke7 40. Ra7+ Ke6 41. f5+ Kxf5 42. a6 Rh2 43. Ra8 Ra2 44. a7 d3 45. Kd1 Ke4 0-1

[Event "Orsay op"]
[Site "Orsay"]
[Date "2008.03.08"]
[Round "6"]
[White "Gidel, Jean Louis"]
[Black "Jaouen, Alain"]
[Result "1/2-1/2"]
[WhiteElo "2186"]
[BlackElo "1499"]
[PlyCount "78"]
[EventDate "2008.03.06"]
[EventType "swiss"]
[EventRounds "7"]
[EventCountry "FRA"]
[SourceTitle "EXT 2010"]
[Source "ChessBase"]
[SourceDate "2010.11.25"]
[SourceVersion "1"]
[SourceVersionDate "2010.11.25"]
[SourceQuality "1"]

1. g3 g6 2. Bg2 Bg7 3. c3 Nf6 4. e4 d6 5. d4 0-0 6. Ne2 Nbd7 7. 0-0 c5 8. h3 Rb8 9. Be3 b6 10. Nd2 Bb7 11. g4 cxd4 12. cxd4 e5 13. d5 Ba6 14. Re1 Nc5 15. Nc1 Rc8 16. b4 Nd3 17. Nxd3 Bxd3 18. Qb3 Bc2 19. Qb2 Qd7 20. Rec1 Ba4 21. Bf1 Nxg4 22. hxg4 Qxg4+ 23. Bg2 h5 24. f3 Qd7 25. Rxc8 Rxc8 26. Rc1 Rxc1+ 27. Qxc1 Bb5 28. Kh2 Qd8 29. Nb3 Qh4+ 30. Kg1 Qd8 31. Nd2 f5 32. Nb1 f4 33. Bf2 Bd7 34. Kf1 g5 35. Ke2 g4 36. Kd2 g3 37. Bg1 h4 38. Qf1 Qc8 39. Qc1 Qd8 1/2-1/2

[Event "Orsay op"]
[Site "Orsay"]
[Date "2008.03.07"]
[Round "5"]
[White "Jaouen, Alain"]
[Black "Mongin, Ludovic"]
[Result "1-0"]
[WhiteElo "1499"]
[BlackElo "1871"]
[PlyCount "91"]
[EventDate "2008.03.06"]
[EventType "swiss"]
[EventRounds "7"]
[EventCountry "FRA"]
[SourceTitle "EXT 2010"]
[Source "ChessBase"]
[SourceDate "2010.11.25"]
[SourceVersion "1"]
[SourceVersionDate "2010.11.25"]
[SourceQuality "1"]

1. c4 e5 2. Nc3 Nc6 3. g3 Nf6 4. Bg2 Be7 5. e3 d6 6. Nge2 Be6 7. d3 0-0 8. 0-0 d5 9. cxd5 Nxd5 10. a3 Qd7 11. Qc2 Rad8 12. Rd1 a6 13. d4 Nxc3 14. bxc3 Bc4 15. Rb1 b5 16. d5 Bc5 17. e4 Ne7 18. Be3 Bxe3 19. fxe3 Qg4 20. Nc1 Rd6 21. Nd3 Qg5 22. Re1 c6 23. Nc5 cxd5 24. exd5 Nxd5 25. Ne4 Qg6 26. Qc1 Rdd8 27. Nc5 Nc7 28. Be4 f5 29. Bg2 e4 30. Nb3 Bxb3 31. Rxb3 Qc6 32. c4 bxc4 33. Bf1 Nb5 34. Bxc4+ Kh8 35. Bxb5 Qxc1 36. Rxc1 axb5 37. Rc5 b4 38. axb4 Rb8 39. b5 g6 40. b6 Rfc8 41. Rc7 Rxc7 42. bxc7 Rxb3 43. c8Q+ Kg7 44. Qc2 Rxe3 45. Qc7+ Kg8 46. Qc4+ 1-0